000 00337nam a2200145Ia 4500
008 150301s2015 xx 000 0 und d
082 _a615.7
_bTI14G
100 _aGUPTA, A.K
245 _aINTRODUCATION TO PHARMACEUTICS -|
250 _a3RD
260 _bCBS- DELHI
300 _a314
650 _aPHARMACEUTICS
942 _2ddc
_cBK
_012
999 _c7337
_d7337